1080 1171 1483 1423 1145 1762 1754 1149 1254 1160 1393 1785 1468 1911 1925 1955 1659 1638 1238 1470 1564 1607 1475 1102 1848 1356 1660 1813 1312 1236 1091 1241 1318 1893 1941 1940 1595 1821 1302 1800 1186 1391 1297 1975 1928 1846 1403 1769 1967 1277 1023 1411 1763 1689 1155 1215 1645 1188 1811 1551 1375 1757 1484 1500 1186 1358 1995 1828 1000 1824 1004 1498 1646 1591 1850 1194 1539 1003 1476 1474 1281 1872 1601 1032 1216 1757 1895 1871 1941 1997 1604 1015 1143 1167 1522 1282 1473 1078 1854 BCNSPRNW ULIB Ver.6.0+V

เปลี่ยนเป็นภาษาไทย

Change to English
 แสดงรายละเอียดบรรณานุกรม
  กลับหน้าหลัก

Brief Record : Get Marc (ISO 2709) : E-mail record : QR code < ปิดหน้าต่าง
LEADER : 00000nam 2200000uu 4500
001    13399128054
003     ULIB
008    220202s2563||||th 000 0 tha d
020    ^a9786169342137
050    ^aนว.^bพ-ย
100    ^aพันธุ์พเยีย
245    ^aย้อนรอยกามเทพ
250    ^aพิมพ์ครั้งที่ 1
260    ^aกรุงเทพฯ :^bบางรักษ์,^c2563
300    ^a552 หน้า;^b21 ซม.
650    ^aนวนิยาย
945    ^p370^l0^i29199
999    ^aกัณชพร จุลอักษร
รายการนี้ยังไม่มีแท็ก
คุณยังไม่ได้ล็อกอิน คุณสามารถมีกิจกรรมร่วมกับเว็บไซต์ได้ แต่ต้องล็อกอินก่อน ::
  ล็อกอิน

รายการสื่อสารสนเทศ

ลำดับที่ ประเภท เลขเรียก/บาร์โค้ด สถานที่ สถานะ
1. วิทยาศาสตร์การแพทย์ และสุขภาพ
วิทยาศาสตร์การแพทย์ และสุขภาพ
นว. พ-ย ฉ.1 
  Barcode: 29199
ห้องสมุดวิทยาเขตนครสวรรค์
►นวนิยาย:l:Fiction
บนชั้น

รายการใกล้เคียง
    ชื่อเรื่อง [ย้อนรอยกามเทพ]

    ผู้แต่ง [พันธุ์พเยีย]

    หัวเรื่อง [นวนิยาย]

BibComment


ยังไม่เคยถูกคอมเมนท์

คอมเมนท์ทรัพยากรรายการนี้
  คอมเมนท์: ย้อนรอยกามเทพ


 Copyright 2026. Bcnsprnw @Library